Statistics for The Amsterdam City Quiz

Click here to take the quiz!

General Stats

  • This quiz has been taken 526 times
    (439 since last reset)
  • The average score is 13 of 22

Answer Stats

HintAnswer% Correct
It is the capital of this countryNetherlands
94%
This substance is "legal" hereWeed
89%
Football club it is home toAjax AFC
80%
Famous beerHeineken
80%
It has 165 of theseCanals
76%
The river it was named afterAmstel
75%
Most-visited museumsVan Gogh Museum
75%
Famous painter of the nightwatchRembrandt
74%
Name of the airportSchiphol
61%
Germany
60%
Turkey
60%
Rijksmuseum
53%
Year it hosted the Olympics1928
49%
It has 1281 of theseBridges
46%
Highest immigration by countryMorocco
45%
Suriname
44%
Anne Frank House
42%
Indonesia
42%
Stadium nameJohan Cruyff Arena
42%
Prostitution districtDe Wallen
40%
Nickname of the cityVenice of the North
33%
Highest BuildingRembrandt Tower
19%

Score Distribution

Percentile by Number Answered

Percent of People with Each Score

Your Score History

You have not taken this quiz since the last reset